[Event "SRI-ch"]
[Site "Colombo"]
[Date "2024.03.29"]
[Round "9"]
[White "Amarathunga, Kosala Sandeepa Cha"]
[Black "Peiris, TSS"]
[Result "1-0"]
[WhiteElo "1772"]
[BlackElo "1886"]
[PlyCount "85"]
[EventDate "2024.03.22"]
[EventType "tourn"]
[EventRounds "13"]
[EventCountry "SRI"]
[SourceTitle "CB15_2024"]
[SourceDate "2024.04.10"]
[SourceVersion "1"]
[SourceVersionDate "2024.04.10"]
[SourceQuality "1"]

1. e4 e5 2. Nf3 Nc6 3. Bc4 Nf6 4. d3 h6 5. c3 Be7 6. Nbd2 d6 7. h3 a6 8. Bb3 d5 9. Qe2 Be6 10. Bc2 b5 11. 0-0 0-0 12. Rd1 Qd6 13. d4 dxe4 14. Nxe4 Nxe4 15. Bxe4 exd4 16. Nxd4 Nxd4 17. Rxd4 Qb6 18. Bxa8 Rxa8 19. Be3 c5 20. Rd2 Qc6 21. a3 a5 22. Rad1 a4 23. Bf4 Re8 24. Qh5 Qe4 25. Be3 Qc6 26. Re1 Bd6 27. Red1 Be7 28. Rd3 Qe4 29. Bc1 Bb3 30. Re3 Bxd1 31. Qxd1 Qc6 32. Qe2 Kf8 33. Qd3 Rd8 34. Qc2 Bg5 35. Re1 Bxc1 36. Qh7 f6 37. Qh8+ Kf7 38. Qxd8 Bg5 39. Re7+ Kg6 40. Qg8 Kf5 41. Qxg7 Qd5 42. Qh7+ Kf4 43. Re3 1-0

[Event "SRI-ch"]
[Site "Colombo"]
[Date "2024.03.23"]
[Round "2"]
[White "Peiris, TSS"]
[Black "Ahangama, Senuka Aswin"]
[Result "0-1"]
[WhiteElo "1886"]
[BlackElo "1752"]
[PlyCount "266"]
[EventDate "2024.03.22"]
[EventType "tourn"]
[EventRounds "13"]
[EventCountry "SRI"]
[SourceTitle "CB15_2024"]
[SourceDate "2024.04.10"]
[SourceVersion "1"]
[SourceVersionDate "2024.04.10"]
[SourceQuality "1"]

1. d4 d5 2. Nc3 Nf6 3. Bf4 c5 4. e3 cxd4 5. exd4 Bg4 6. f3 Bd7 7. Qd2 a6 8. g4 e6 9. Nce2 Qb6 10. c3 Nc6 11. Ng3 0-0-0 12. 0-0-0 Ne8 13. Nh3 f6 14. Re1 Nd6 15. Nh5 Qa5 16. Kb1 Nf7 17. Bg3 e5 18. Rd1 Be6 19. Be2 Nd6 20. Qe3 Re8 21. Qd2 Bf7 22. Rhe1 exd4 23. cxd4 Qxd2 24. Rxd2 Bxh5 25. gxh5 Nf5 26. Rc1 Bb4 27. Rxc6+ bxc6 28. Bxa6+ Kd7 29. Rd1 Nxg3 30. hxg3 Re1 31. Rxe1 Bxe1 32. g4 Re8 33. Nf4 Bf2 34. Ne2 Re3 35. f4 Rh3 36. Kc2 Rh4 37. Bd3 Kd6 38. Bf5 g6 39. hxg6 hxg6 40. Bxg6 Rxg4 41. Bf5 Rh4 42. Kd3 Rh8 43. Kc2 Re8 44. Bd3 Rc8 45. b4 Ra8 46. Kb3 Rh8 47. a3 Be3 48. f5 Rh3 49. Kc3 Bf2 50. Kd2 Rh1 51. Kc2 Rh4 52. Kc3 Be1+ 53. Kc2 Rh8 54. Kd1 Bf2 55. Kc2 Be1 56. Kd1 Rh1 57. Kc2 Kc7 58. Kb2 Kb6 59. Kc2 Bf2 60. Kb2 Rh3 61. Kc2 Rh4 62. Kc3 Be1+ 63. Kc2 Rh8 64. Kd1 Bf2 65. Kc2 Rb8 66. Kd2 Ra8 67. b5 Rxa3 68. bxc6 Kxc6 69. Kc2 Ra2+ 70. Kb3 Ra8 71. Kc2 Kd6 72. Kb3 Rc8 73. Kb2 Be3 74. Kb3 Rc7 75. Kb2 Kc6 76. Kb3 Kb6 77. Bc2 Bd2 78. Kb2 Ka5 79. Bb3 Kb4 80. Bxd5 Bc3+ 81. Kc2 Bxd4+ 82. Kd3 Be5 83. Be6 Kc5 84. Ke4 Rb7 85. Kd3 Ra7 86. Ke4 Kb4 87. Bg8 Ra8 88. Bf7 Rh8 89. Be6 Rh2 90. Kd3 Rh3+ 91. Ke4 Rh2 92. Kd3 Kc5 93. Bf7 Kd6 94. Be6 Rh3+ 95. Ke4 Rh4+ 96. Kd3 Bb2 97. Ng1 Rf4 98. Ne2 Rg4 99. Ke3 Ke5 100. Kf3 Ra4 101. Bd7 Ra3+ 102. Kg4 Ra7 103. Be6 Ra4+ 104. Kf3 Ra3+ 105. Kg4 Bd4 106. Nf4 Bf2 107. Nh5 Rd3 108. Bc8 Be1 109. Be6 Rd4+ 110. Kf3 Rh4 111. Ng7 Rh7 112. Ne8 Re7 113. Nxf6 Kxf6 114. Ke4 Bc3 115. Kd3 Rc7 116. Ke4 Bb2 117. Kd5 Be5 118. Ke4 Rc6 119. Kd5 Rd6+ 120. Kc5 Rd2 121. Kc6 Bb2 122. Kc5 Ke5 123. Kc6 Ba3 124. Kc7 Be7 125. Kc6 Rd6+ 126. Kc7 Bd8+ 127. Kc8 Ba5 128. Kb7 Kf6 129. Kc8 Ke7 130. Kb7 Kd8 131. Bc4 Rb6+ 132. Ka7 Kc7 133. Bd3 Bc3 0-1

[Event "Titled Tuesday intern op 06th Feb Early"]
[Site "Chess.com INT"]
[Date "2024.02.06"]
[Round "5"]
[White "Rose, Felix"]
[Black "Peiris, TSS"]
[Result "1/2-1/2"]
[WhiteElo "2091"]
[BlackElo "1843"]
[PlyCount "152"]
[EventDate "2024.02.06"]
[EventType "swiss (blitz)"]
[EventRounds "11"]
[EventCountry "USA"]
[SourceTitle "CB07_2024"]
[SourceDate "2024.02.14"]
[SourceVersion "1"]
[SourceVersionDate "2024.02.14"]
[SourceQuality "1"]

1. e4 c6 2. d4 d5 3. e5 a6 4. Nd2 c5 5. dxc5 Nc6 6. a3 Nxe5 7. b4 Nf6 8. Bb2 Nc6 9. Bd3 e5 10. c4 Be6 11. cxd5 Bxd5 12. Ngf3 Be7 13. 0-0 Qc7 14. Re1 Nd7 15. Bf5 f6 16. Ne4 Bxe4 17. Rxe4 0-0-0 18. Re2 Kb8 19. Qe1 g6 20. Be4 Rhe8 21. a4 Bf8 22. b5 Nd4 23. Nxd4 exd4 24. c6 Nc5 25. cxb7 d3 26. Bxd3 Nxd3 27. Rxe8 Nxe1 28. Raxe1 Bb4 29. Rxd8+ Qxd8 30. Rc1 Qd2 31. bxa6 Ka7 32. h3 Qxb2 33. Rc8 Qb1+ 34. Kh2 Bd6+ 35. g3 Kxa6 36. Rc6+ Kxb7 37. Rxd6 Qa2 38. Rxf6 Qxa4 39. Rf7+ Kc6 40. Rxh7 Qe4 41. Rf7 Kd6 42. Rf4 Qe5 43. h4 Ke6 44. Rg4 Kf6 45. Rf4+ Kg7 46. Kg2 Qe6 47. Kh2 Qd5 48. Kh3 Kh6 49. Kh2 Qd2 50. Rf3 Qe2 51. Rf4 Qf1 52. Rf3 Qe1 53. Rf4 Qe2 54. Kg2 g5 55. hxg5+ Kxg5 56. Kh2 Qd2 57. Kg2 Qe2 58. Kh2 Qe6 59. Kg2 Qc6+ 60. Kh2 Qd5 61. Rh4 Qd2 62. Rf4 Qe2 63. Kg2 Qe6 64. Kh2 Qd5 65. Rh4 Qe5 66. Rf4 Qxf4 67. gxf4+ Kxf4 68. Kg2 Kg4 69. Kg1 Kf4 70. Kg2 Kg4 71. f3+ Kf4 72. Kf2 Kf5 73. Ke3 Ke5 74. Kd3 Kf5 75. Kd4 Kf4 76. Kd5 Kxf3 1/2-1/2

[Event "Titled Tuesday intern op 09th Jan Early"]
[Site "Chess.com INT"]
[Date "2024.01.09"]
[Round "3"]
[White "Spitzl, Vinzent"]
[Black "Peiris, TSS"]
[Result "1-0"]
[WhiteElo "2365"]
[BlackElo "1843"]
[PlyCount "67"]
[EventDate "2024.01.09"]
[EventType "swiss (blitz)"]
[EventRounds "11"]
[EventCountry "USA"]
[SourceTitle "CB03_2024"]
[SourceDate "2024.01.17"]
[SourceVersion "1"]
[SourceVersionDate "2024.01.17"]
[SourceQuality "1"]

1. e4 c6 2. d4 d5 3. exd5 cxd5 4. Bd3 Nf6 5. c3 Nc6 6. Bf4 Bg4 7. Qb3 Qd7 8. Nd2 e6 9. h3 Bh5 10. Ngf3 Bd6 11. Bxd6 Qxd6 12. 0-0 0-0 13. Rfe1 Bxf3 14. Nxf3 a6 15. Ne5 b5 16. a3 Rab8 17. Qd1 a5 18. b4 Rfc8 19. Qe2 Na7 20. Rac1 a4 21. g3 Rc7 22. h4 Qb6 23. g4 Nc8 24. g5 Ne8 25. Kh1 Ned6 26. h5 Ne7 27. h6 g6 28. Ng4 Nef5 29. Nf6+ Kf8 30. Nxh7+ Ke7 31. Nf6 Qc6 32. Qe5 Kd8 33. h7 Ke7 34. Ng8+ 1-0

[Event "SRI-chT"]
[Site "Colombo"]
[Date "2023.07.31"]
[Round "7.4"]
[White "Peiris, TSS"]
[Black "Alahakoon, Isuru"]
[Result "0-1"]
[WhiteElo "1838"]
[BlackElo "1806"]
[PlyCount "110"]
[EventDate "2023.07.28"]
[EventType "team-tourn"]
[EventRounds "9"]
[EventCountry "SRI"]
[SourceTitle "CBM 215 Extra"]
[Source "ChessBase"]
[SourceDate "2023.09.30"]
[SourceVersion "1"]
[SourceVersionDate "2023.09.30"]
[SourceQuality "1"]
[WhiteTeam "Maroons CC"]
[BlackTeam "Sri Lanka Navy CC"]
[WhiteTeamCountry "SRI"]
[BlackTeamCountry "SRI"]

1. e4 c5 2. f4 d5 3. e5 Nc6 4. c3 Nh6 5. Nf3 Bg4 6. h3 Bxf3 7. Qxf3 e6 8. Bd3 c4 9. Bc2 Bc5 10. d4 cxd3 11. Bxd3 0-0 12. Be3 d4 13. cxd4 Nxd4 14. Qe4 Nhf5 15. 0-0 Ne2+ 16. Bxe2 Nxe3 17. Nc3 Nxf1+ 18. Kxf1 Qd4 19. Qxd4 Bxd4 20. Ne4 Rac8 21. Bd3 Bxb2 22. Rb1 Rc1+ 23. Ke2 Rxb1 24. Bxb1 Bc1 25. g3 Ba3 26. Nd2 b5 27. Bd3 a6 28. Nb3 Rc8 29. Ke3 Bc5+ 30. Ke4 f5+ 31. exf6 gxf6 32. g4 Bb6 33. Kf3 h6 34. Ke2 Kf7 35. Kd2 Rc6 36. Ke2 Bc7 37. Ke3 Rc3 38. Kd4 b4 39. f5 e5+ 40. Ke4 a5 41. Nd2 Ke7 42. Nc4 Rc1 43. Ne3 Kd6 44. Nc4+ Kc5 45. Ne3 a4 46. Bc2 b3 47. axb3 a3 48. b4+ Kxb4 49. Nd5+ Kc5 50. Bb3 Rb1 51. Ba2 Rb2 52. Nc3 Rh2 53. Bb1 Ba5 54. Nd5 Re2+ 55. Kf3 Rb2 0-1

[Event "SRI-chT"]
[Site "Colombo"]
[Date "2023.07.30"]
[Round "4.3"]
[White "Peiris, TSS"]
[Black "Piyumantha, M Sasith Nipun"]
[Result "1/2-1/2"]
[WhiteElo "1838"]
[BlackElo "2170"]
[PlyCount "24"]
[EventDate "2023.07.28"]
[EventType "team-tourn"]
[EventRounds "9"]
[EventCountry "SRI"]
[SourceTitle "CBM 215 Extra"]
[Source "ChessBase"]
[SourceDate "2023.09.30"]
[SourceVersion "1"]
[SourceVersionDate "2023.09.30"]
[SourceQuality "1"]
[WhiteTeam "Maroons CC"]
[BlackTeam "Sokians CC"]
[WhiteTeamCountry "SRI"]
[BlackTeamCountry "SRI"]

1. e4 c6 2. Nf3 d5 3. Nc3 Nf6 4. e5 Ne4 5. d3 Nxc3 6. bxc3 c5 7. d4 Nc6 8. Be2 Bg4 9. 0-0 e6 10. Rb1 Qc7 11. h3 Bh5 12. c4 dxc4 1/2-1/2

[Event "Titled Tuesday intern op 18th Jul Early"]
[Site "Chess.com INT"]
[Date "2023.07.18"]
[Round "10"]
[White "Peiris, TSS"]
[Black "Portal Ramos, Cristian"]
[Result "1-0"]
[WhiteElo "1838"]
[BlackElo "2085"]
[PlyCount "47"]
[EventDate "2023.07.18"]
[EventType "swiss (blitz)"]
[EventRounds "11"]
[EventCountry "USA"]
[SourceTitle "EXT 2024"]
[Source "ChessBase"]
[SourceDate "2023.10.10"]
[SourceVersion "1"]
[SourceVersionDate "2023.10.10"]
[SourceQuality "1"]

1. e4 c5 2. Nf3 d6 3. d4 cxd4 4. Nxd4 Nf6 5. Nc3 a6 6. Bg5 e6 7. Bc4 Be7 8. 0-0 Qc7 9. Bb3 0-0 10. Kh1 b5 11. a3 Bb7 12. Qe2 Qc8 13. f4 Nc6 14. Nxc6 Qxc6 15. f5 exf5 16. Rxf5 Nxe4 17. Bxe7 Rfe8 18. Bxf7+ Kh8 19. Bxe8 Rxe8 20. Rf8+ Rxf8 21. Bxf8 Nf6 22. Rd1 h5 23. Rxd6 Qc7 24. Qe7 1-0

[Event "Titled Tuesday intern op 18th Jul Early"]
[Site "Chess.com INT"]
[Date "2023.07.18"]
[Round "1"]
[White "Peiris, TSS"]
[Black "Vlassov, Nikolai"]
[Result "0-1"]
[WhiteElo "1838"]
[BlackElo "2283"]
[PlyCount "100"]
[EventDate "2023.07.18"]
[EventType "swiss (blitz)"]
[EventRounds "11"]
[EventCountry "USA"]
[SourceTitle "EXT 2024"]
[Source "ChessBase"]
[SourceDate "2023.10.10"]
[SourceVersion "1"]
[SourceVersionDate "2023.10.10"]
[SourceQuality "1"]

1. e4 c5 2. c3 Nf6 3. e5 Nd5 4. d4 cxd4 5. Nf3 d6 6. cxd4 Nc6 7. Bc4 dxe5 8. dxe5 Ndb4 9. Qb3 e6 10. 0-0 Na5 11. Qa4+ Bd7 12. Bb5 Bxb5 13. Qxb5+ Nac6 14. Nc3 a6 15. Qe2 Qd3 16. Qe1 Nc2 17. Qd2 Qxd2 18. Bxd2 Nxa1 19. Rxa1 Bb4 20. a3 Bxc3 21. Bxc3 0-0-0 22. Rc1 Rd5 23. Kf1 Rhd8 24. Ke2 b5 25. h3 Kb7 26. Ke1 a5 27. b4 axb4 28. axb4 Ra8 29. Rc2 Ra3 30. Bd2 Nxe5 31. Ng5 h6 32. Ne4 Nd3+ 33. Kf1 f5 34. Nc3 Ra1+ 35. Ke2 Nxb4 36. Rb2 Re5+ 37. Kf3 Nd3 38. Rxb5+ Rxb5 39. Nxb5 Kc6 40. Nd4+ Kd5 41. Ne2 Ne5+ 42. Kg3 Ra3+ 43. f3 g5 44. h4 f4+ 45. Kh3 g4+ 46. Kh2 gxf3 47. Nxf4+ Ke4 48. Kg1 Ra1+ 49. Kf2 Ng4+ 50. Kg3 f2 0-1

[Event "Titled Tuesday intern op 11th Jul Early"]
[Site "Chess.com INT"]
[Date "2023.07.11"]
[Round "5"]
[White "Peiris, TSS"]
[Black "Rodriguez Fontecha, Marcos"]
[Result "0-1"]
[WhiteElo "1838"]
[BlackElo "2309"]
[PlyCount "60"]
[EventDate "2023.07.11"]
[EventType "swiss (blitz)"]
[EventRounds "11"]
[EventCountry "USA"]
[SourceTitle "EXT 2024"]
[Source "ChessBase"]
[SourceDate "2023.10.10"]
[SourceVersion "1"]
[SourceVersionDate "2023.10.10"]
[SourceQuality "1"]

1. e4 c5 2. c3 e6 3. d4 d5 4. e5 Nc6 5. Be3 Qb6 6. Qd2 f6 7. f4 fxe5 8. fxe5 cxd4 9. cxd4 Nge7 10. Bd3 Nb4 11. Be2 Nf5 12. Bf2 Bd7 13. Nf3 Be7 14. 0-0 0-0 15. Nc3 Rac8 16. Rac1 Nc6 17. a3 Na5 18. Qe1 Qxb2 19. Nxd5 Rxc1 20. Nxe7+ Nxe7 21. Qxc1 Qxe2 22. Qc7 Qb5 23. Be1 Nc4 24. Bb4 Rc8 25. Qxc8+ Bxc8 26. Bxe7 Ne3 27. Re1 Nf5 28. Bb4 Qd3 29. Rc1 Bd7 30. Rc7 Nxd4 0-1

[Event "Titled Tuesday intern op 04th Jul Early"]
[Site "Chess.com INT"]
[Date "2023.07.04"]
[Round "3"]
[White "Dobre, Claudiu Cristian"]
[Black "Peiris, TSS"]
[Result "1-0"]
[WhiteElo "2261"]
[BlackElo "1838"]
[PlyCount "91"]
[EventDate "2023.07.04"]
[EventType "swiss (blitz)"]
[EventRounds "11"]
[EventCountry "USA"]
[SourceTitle "EXT 2024"]
[Source "ChessBase"]
[SourceDate "2023.10.10"]
[SourceVersion "1"]
[SourceVersionDate "2023.10.10"]
[SourceQuality "1"]

1. e4 c5 2. b3 e6 3. Nf3 d5 4. exd5 exd5 5. Bb5+ Bd7 6. Qe2+ Qe7 7. Qxe7+ Bxe7 8. Bxd7+ Nxd7 9. d4 cxd4 10. Bb2 Rc8 11. Nxd4 Ngf6 12. 0-0 0-0 13. Nc3 a6 14. Rad1 Nb6 15. a4 Bb4 16. Nce2 Rfe8 17. Nf4 Re4 18. Nd3 Bc3 19. Bxc3 Rxc3 20. Nb2 g6 21. f3 Re7 22. Kf2 Rec7 23. a5 Nbd7 24. Na4 Rxc2+ 25. Nxc2 Rxc2+ 26. Kg1 Ne5 27. Rfe1 Nc6 28. Rc1 Ra2 29. Rc5 d4 30. Rd1 Nd7 31. Rd5 Nf6 32. Rd6 Kg7 33. Nc5 Nxa5 34. R6xd4 b6 35. Nd7 Nxb3 36. Rb4 Nxd7 37. Rxd7 Nc5 38. Rd6 b5 39. Rc6 Nd3 40. Rb1 b4 41. Rd1 Ne5 42. Rb6 a5 43. Rc1 a4 44. Rxb4 Nd3 45. Rbb1 Nxc1 46. Rxc1 1-0

[Event "Titled Tuesday intern op 04th Jul Early"]
[Site "Chess.com INT"]
[Date "2023.07.04"]
[Round "2"]
[White "Peiris, TSS"]
[Black "Deng, Henry"]
[Result "0-1"]
[WhiteElo "1838"]
[BlackElo "2212"]
[PlyCount "132"]
[EventDate "2023.07.04"]
[EventType "swiss (blitz)"]
[EventRounds "11"]
[EventCountry "USA"]
[SourceTitle "EXT 2024"]
[Source "ChessBase"]
[SourceDate "2023.10.10"]
[SourceVersion "1"]
[SourceVersionDate "2023.10.10"]
[SourceQuality "1"]

1. e4 c5 2. c3 Nf6 3. e5 Nd5 4. d4 cxd4 5. Nf3 d6 6. cxd4 e6 7. Bc4 Be7 8. 0-0 0-0 9. Qe2 b6 10. Nc3 Nxc3 11. bxc3 Bb7 12. Bd3 Nd7 13. Re1 dxe5 14. Nxe5 Nxe5 15. Qxe5 Rc8 16. Bd2 Qd5 17. Qg3 Bf6 18. h4 Kh8 19. Be4 Qd7 20. Bd3 Bd5 21. a4 Bc4 22. Be4 e5 23. dxe5 Bxe5 24. Qxe5 Qxd2 25. Rad1 Qh6 26. h5 Be6 27. Bf3 Qf6 28. Qxf6 gxf6 29. Re3 h6 30. Be4 Rc5 31. Bf3 Rfc8 32. Rdd3 Rc4 33. Bd1 Bf5 34. Rd6 Be6 35. Rdd3 R4c5 36. Rf3 Kg7 37. Rg3+ Kf8 38. Rdf3 Ke7 39. Be2 Ra5 40. Bd1 Rg5 41. Re3 Rxg3 42. fxg3 Rc4 43. Kf2 Rc5 44. Kf3 Kd6 45. g4 Rc4 46. Kg3 Rc5 47. Rd3+ Kc7 48. Rf3 f5 49. gxf5 Bxf5 50. Kh4 Kd8 51. g4 Be6 52. Rf6 Rxc3 53. Rxh6 Rc1 54. Bf3 Rf1 55. Kg3 Rg1+ 56. Kf2 Ra1 57. Rh8+ Ke7 58. Rg8 f5 59. h6 Bxg8 60. g5 Ra2+ 61. Kg1 Bh7 62. Bh5 Rxa4 63. g6 Bxg6 64. Bxg6 Rg4+ 65. Kf2 Rxg6 66. h7 Rh6 0-1

[Event "Titled Tuesday intern op 04th Jul Early"]
[Site "Chess.com INT"]
[Date "2023.07.04"]
[Round "1"]
[White "Peiris, TSS"]
[Black "Frolyanov, Dmitry"]
[Result "0-1"]
[WhiteElo "1838"]
[BlackElo "2485"]
[PlyCount "102"]
[EventDate "2023.07.04"]
[EventType "swiss (blitz)"]
[EventRounds "11"]
[EventCountry "USA"]
[SourceTitle "EXT 2024"]
[Source "ChessBase"]
[SourceDate "2023.10.10"]
[SourceVersion "1"]
[SourceVersionDate "2023.10.10"]
[SourceQuality "1"]

1. e4 e5 2. f4 d5 3. exd5 exf4 4. Nf3 Nf6 5. d4 Nxd5 6. Bc4 Be7 7. Bxd5 Qxd5 8. 0-0 0-0 9. Bxf4 Bg4 10. Nc3 Qh5 11. h3 Bxf3 12. Qxf3 Qxf3 13. Rxf3 Nc6 14. Rd1 Bf6 15. d5 Nd4 16. Rf2 Nf5 17. Rf3 Rac8 18. Kh1 Nd4 19. Rf2 Rfe8 20. Bg3 c5 21. dxc6 Nxc6 22. Rfd2 Bxc3 23. bxc3 Na5 24. Rd3 h6 25. Kh2 Re6 26. Rd7 Rxc3 27. R1d5 b6 28. Rd2 Rec6 29. Rxa7 Rxc2 30. Rd8+ Kh7 31. Rxf7 Rxa2 32. Rd3 Rcc2 33. Be5 Rxg2+ 34. Kh1 Rg5 35. Bd4 Nc6 36. Be3 Rb5 37. Rd1 Ne5 38. Rg1 Nxf7 39. Bd4 Ng5 40. h4 Rb3 41. Rg2 Rh3+ 42. Kg1 Rxg2+ 43. Kxg2 Rxh4 44. Bf2 Rc4 45. Be3 b5 46. Kf2 b4 47. Ke2 b3 48. Kd3 Rc7 49. Bd4 Rb7 50. Kc3 Ne6 51. Be5 b2 0-1

[Event "Titled Tuesday intern op 04th Jul Early"]
[Site "Chess.com INT"]
[Date "2023.07.04"]
[Round "8"]
[White "Peiris, TSS"]
[Black "Singgih, Diajeng Theresa"]
[Result "0-1"]
[WhiteElo "1838"]
[BlackElo "1825"]
[PlyCount "112"]
[EventDate "2023.07.04"]
[EventType "swiss (blitz)"]
[EventRounds "11"]
[EventCountry "USA"]
[SourceTitle "EXT 2024"]
[Source "ChessBase"]
[SourceDate "2023.10.10"]
[SourceVersion "1"]
[SourceVersionDate "2023.10.10"]
[SourceQuality "1"]

1. e4 e5 2. f4 exf4 3. Nf3 g5 4. Nc3 g4 5. Ne5 Qh4+ 6. g3 fxg3 7. Qxg4 g2+ 8. Qxh4 gxh1Q 9. Qh5 Nh6 10. d4 d6 11. Bxh6 dxe5 12. Qxe5+ Be6 13. Qxh8 Nd7 14. 0-0-0 0-0-0 15. Qxh7 Qf3 16. Bxf8 Rxf8 17. Be2 Qf4+ 18. Kb1 Nf6 19. Qg7 Rg8 20. Qxg8+ Nxg8 21. Rf1 Qxh2 22. a3 Ne7 23. d5 Bh3 24. Rxf7 Ng6 25. Rh7 Ne5 26. Rh5 Qg1+ 27. Ka2 Bg4 28. Rxe5 Bxe2 29. Nxe2 Qc5 30. Nc1 Qxc2 31. Nb3 Qc4 32. Re8+ Kd7 33. Rh8 a5 34. Rh7+ Kc8 35. Rh8+ Kd7 36. Rh7+ Kd6 37. Rh6+ Ke5 38. Rh5+ Kf6 39. e5+ Kg6 40. Rh3 a4 41. d6 cxd6 42. exd6 axb3+ 43. Rxb3 Qd5 44. a4 Qxd6 45. Rb5 b6 46. b3 Kf7 47. Rf5+ Ke6 48. Rb5 Kd7 49. Kb2 Kc6 50. Ka2 Qd2+ 51. Ka3 Qc1+ 52. Ka2 Qc3 53. Ka3 Qc1+ 54. Ka2 Kc7 55. Rb4 Qd2+ 56. Ka3 Qd6 0-1

[Event "Titled Tuesday intern op 04th Jul Early"]
[Site "Chess.com INT"]
[Date "2023.07.04"]
[Round "6"]
[White "Tinmaz, Kerem"]
[Black "Peiris, TSS"]
[Result "1-0"]
[WhiteElo "2106"]
[BlackElo "1838"]
[PlyCount "95"]
[EventDate "2023.07.04"]
[EventType "swiss (blitz)"]
[EventRounds "11"]
[EventCountry "USA"]
[SourceTitle "EXT 2024"]
[Source "ChessBase"]
[SourceDate "2023.10.10"]
[SourceVersion "1"]
[SourceVersionDate "2023.10.10"]
[SourceQuality "1"]

1. e4 c5 2. Nc3 e6 3. g3 d5 4. exd5 exd5 5. d4 Nc6 6. Nge2 Nf6 7. Bg2 Be7 8. 0-0 0-0 9. dxc5 Bxc5 10. Nxd5 Be6 11. Nef4 Bf5 12. Be3 Bd6 13. c4 Be5 14. Qe2 Re8 15. Rad1 Qa5 16. a3 Rac8 17. Nxf6+ Bxf6 18. Nd5 Be5 19. Rfe1 h6 20. Qd2 Qa4 21. Rc1 Qb3 22. Bf4 Bxb2 23. Rxe8+ Rxe8 24. Re1 Rd8 25. Qe2 Bxa3 26. Be4 Bxe4 27. Qxe4 Bb4 28. Rb1 Qa3 29. Nxb4 Nxb4 30. Qe7 Qa5 31. Qxb4 Qa6 32. Qxb7 Qxc4 33. Qc7 Qd3 34. Re1 Rd7 35. Qc8+ Kh7 36. Rc1 g5 37. Be3 Kg7 38. Qc2 Qd5 39. Qc3+ Kh7 40. Ra1 f5 41. Rxa7 Rxa7 42. Bxa7 Qd1+ 43. Kg2 Qd5+ 44. Qf3 Qa5 45. Be3 Kg6 46. Qc6+ Kh5 47. h3 Qa8 48. Qxa8 1-0

[Event "Titled Tuesday intern op 20th Jun Early"]
[Site "Chess.com INT"]
[Date "2023.06.20"]
[Round "2"]
[White "Peiris, TSS"]
[Black "Kuzmin, Roman"]
[Result "0-1"]
[WhiteElo "1840"]
[BlackElo "2172"]
[PlyCount "70"]
[EventDate "2023.06.20"]
[EventType "swiss (blitz)"]
[EventRounds "11"]
[EventCountry "USA"]
[SourceTitle "EXT 2024"]
[Source "ChessBase"]
[SourceDate "2023.10.10"]
[SourceVersion "1"]
[SourceVersionDate "2023.10.10"]
[SourceQuality "1"]

1. e4 c5 2. c3 d5 3. exd5 Qxd5 4. d4 Nf6 5. Nf3 Nc6 6. Be2 Bg4 7. c4 Qd7 8. d5 Bxf3 9. Bxf3 Nd4 10. Be3 g6 11. Bxd4 cxd4 12. Qxd4 Bg7 13. Qe3 0-0 14. Nc3 Rac8 15. Be2 Rfe8 16. Qxa7 e6 17. dxe6 Rxe6 18. 0-0 Rce8 19. Bf3 R6e7 20. Rad1 Qf5 21. Nd5 Nxd5 22. Rxd5 Qf4 23. Qa3 Qxc4 24. g3 h5 25. Rc5 Qd4 26. Bg2 Re2 27. Rd5 Qc4 28. b3 Qc2 29. Qc5 Qxa2 30. Rd7 Re1 31. Rxb7 Qa1 32. Qd5 Qf6 33. Qd7 Bh6 34. Bd5 R1e7 35. Bxf7+ Qxf7 0-1

[Event "Titled Tuesday intern op 23rd May Early"]
[Site "Chess.com INT"]
[Date "2023.05.23"]
[Round "5"]
[White "Butolo, Alexandru Mircea"]
[Black "Peiris, TSS"]
[Result "1-0"]
[WhiteElo "1999"]
[BlackElo "1882"]
[PlyCount "71"]
[EventDate "2023.05.23"]
[EventType "swiss (blitz)"]
[EventRounds "11"]
[EventCountry "USA"]
[SourceTitle "CBM 214 Extra"]
[Source "ChessBase"]
[SourceDate "2023.07.31"]
[SourceVersion "1"]
[SourceVersionDate "2023.07.31"]
[SourceQuality "1"]

1. e4 c6 2. Nf3 d5 3. exd5 cxd5 4. d4 Nf6 5. Bd3 Nc6 6. h3 e6 7. Bf4 Bd6 8. Bxd6 Qxd6 9. 0-0 0-0 10. Re1 b6 11. c3 Bb7 12. Ne5 Ne7 13. Nd2 a6 14. Qe2 b5 15. a4 b4 16. Nb3 bxc3 17. bxc3 Rac8 18. Nc5 Ba8 19. Bxa6 Rxc5 20. dxc5 Qxc5 21. Qe3 Qd6 22. Bd3 Ne4 23. Bxe4 dxe4 24. Nc4 Qc6 25. Qe2 Nf5 26. a5 e3 27. f3 Qb5 28. Nxe3 Qc5 29. Qf2 Qxc3 30. Nxf5 exf5 31. a6 Qf6 32. a7 g6 33. Rab1 Kg7 34. Rb8 Qa6 35. Qb2+ Kh6 36. Rxf8 1-0

[Event "Titled Tuesday intern op 23rd May Early"]
[Site "Chess.com INT"]
[Date "2023.05.23"]
[Round "6"]
[White "Peiris, TSS"]
[Black "Skiadopoulos, Nikolaos"]
[Result "1-0"]
[WhiteElo "1882"]
[BlackElo "1896"]
[PlyCount "73"]
[EventDate "2023.05.23"]
[EventType "swiss (blitz)"]
[EventRounds "11"]
[EventCountry "USA"]
[SourceTitle "CBM 214 Extra"]
[Source "ChessBase"]
[SourceDate "2023.07.31"]
[SourceVersion "1"]
[SourceVersionDate "2023.07.31"]
[SourceQuality "1"]

1. e4 c5 2. c3 Nc6 3. d4 cxd4 4. cxd4 d5 5. e5 Bf5 6. Bd3 Bxd3 7. Qxd3 e6 8. Nf3 Rc8 9. Nc3 a6 10. 0-0 h5 11. a3 Nh6 12. b4 Nf5 13. b5 axb5 14. Nxb5 Be7 15. Be3 g6 16. Rfb1 0-0 17. h3 Kg7 18. Qd2 Nxe3 19. fxe3 f6 20. Rf1 fxe5 21. Nxe5 Nxe5 22. dxe5 Rf5 23. Rxf5 gxf5 24. Nd4 Kf7 25. Rf1 Bg5 26. Qe2 Kg6 27. Nxe6 Qe7 28. Nxg5 Qxg5 29. Qf3 Rc3 30. Re1 Rxa3 31. Qxd5 Rxe3 32. Qd6+ Kg7 33. Qd7+ Kg6 34. Qe6+ Kg7 35. Qf6+ Qxf6 36. exf6+ Kxf6 37. Rxe3 1-0

[Event "Titled Tuesday intern op 02nd Aug Early"]
[Site "Chess.com INT"]
[Date "2022.08.02"]
[Round "6"]
[White "Peiris, TSS"]
[Black "Rodchenkov, Sergey D"]
[Result "0-1"]
[WhiteElo "1885"]
[BlackElo "2346"]
[PlyCount "110"]
[EventDate "2022.08.02"]
[EventType "swiss (blitz)"]
[EventRounds "11"]
[EventCountry "USA"]
[SourceTitle "EXT 2023"]
[Source "ChessBase"]
[SourceDate "2022.10.05"]
[SourceVersion "1"]
[SourceVersionDate "2022.10.05"]
[SourceQuality "1"]

1. Nf3 d5 2. c4 dxc4 3. e4 Nf6 4. Nc3 a6 5. a4 Nc6 6. Bxc4 Bg4 7. d3 Nd4 8. Ne5 Be6 9. 0-0 Bxc4 10. Nxc4 e6 11. Be3 Bc5 12. Rc1 0-0 13. Kh1 Ba7 14. Na5 Rb8 15. b4 c6 16. f4 c5 17. e5 Nd5 18. Bxd4 cxd4 19. Nxd5 Qxd5 20. Nc4 Rbc8 21. Nd6 Rc3 22. Rb1 f5 23. Nc4 Rc8 24. Qh5 g6 25. Qg5 Rxd3 26. Nd6 Rf8 27. Qe7 Rd2 28. Rf3 Bb8 29. Ne8 Bxe5 30. fxe5 Qxe5 31. Nc7 Re2 32. Rbf1 Qe4 33. b5 d3 34. Qd6 d2 35. bxa6 bxa6 36. Nxa6 Qg4 37. Rg1 Rxg2 38. Rxg2 Qxf3 39. Qxd2 Qf1+ 40. Rg1 Qxa6 41. Qa2 Qc6+ 42. Rg2 Rd8 43. h3 Rd3 44. Kh2 Qd6+ 45. Kh1 Rd1+ 46. Rg1 Qc6+ 47. Kh2 Rd4 48. Rg2 Qxa4 49. Qb2 Kg7 50. Rc2 e5 51. Qb7+ Kh6 52. Rg2 Rh4 53. Qe7 Qf4+ 54. Kg1 Qe3+ 55. Kh2 Rxh3# 0-1